000 00914cam a2200277 i 4500
001 569
005 20230616141753.0
008 130722s2014 nyu c 000 1 eng
020 _a9780399257148 (hardback)
040 _aDLC
_beng
_cDLC
_erda
_dDLC
050 0 0 _aPZ7.W86335
_bBl 2014
082 0 0 _a[Fic]
_223
100 1 _aWoods, Brenda
_q(Brenda A.)
245 1 4 _aThe blossoming universe of Violet Diamond /
_cBrenda Woods.
260 _aNew York :
_bScholastic.
_c2016
300 _a222 pages ;
_c22 cm
505 _aM
520 _a"A biracial girl finally gets the chance to meet the African American side of her family"--
_cProvided by publisher.
521 _a670
_bLexile
521 _aM
_bRaz-Plus
650 1 _aRacially mixed people
_vFiction.
650 1 _aAfrican Americans
_vFiction.
650 1 _aFamilies
_vFiction.
906 _a7
_bcbc
_corignew
_d1
_eecip
_f20
_gy-gencatlg
942 _2ddc
_cBK
_n0
999 _c569
_d569